Numere de inmatriculare - Romania - Statistics

General Stats
  • This quiz has been taken 733 times
  • The average score is 32 of 42
Answer Stats
Hint Answer % Correct
DJ Dolj
98%
GJ Gorj
93%
CJ Cluj Napoca
92%
MM Maramures
88%
AG Arges
85%
TM Timis
85%
BH Bihor
82%
B Bucuresti
82%
IF Ilfov
82%
NT Neamt
82%
AR Arad
81%
HD Hunedoara
80%
VL Valcea
80%
VN Vrancea
80%
CT Constanta
79%
SB Sibiu
79%
AB Alba
78%
PH Prahova
78%
MH Mehedinti
77%
SM Satu Mare
77%
BZ Buzau
75%
VS Vaslui
75%
BC Bacau
73%
BV Brasov
73%
OT Olt
73%
TR Teleorman
73%
BT Botosani
72%
GL Galati
72%
GR Giurgiu
72%
SJ Salaj
71%
TL Tulcea
71%
CV Covasna
70%
BN Bistrita Nasaud
65%
BR Braila
65%
HR Harghita
65%
IS Iasi
65%
MS Mures
65%
SV Suceava
64%
DB Dambovita
63%
IL Ialomita
63%
CL Calarasi
61%
CS Caras Severin
58%
No matching quizzes found
Score Distribution
Percent of People with Each Score
Percentile by Number Answered
Your Score History
You have not taken this quiz